|
|
|
|
| LEADER |
00000ny a22000003n 4500 |
| 005 |
2011062108458.0 |
| 008 |
081112s2009 it 001 0 ita d |
| 020 |
|
|
|a 9788884227614
|
| 035 |
|
|
|a 4675
|
| 040 |
|
|
|a GyGoGBV.
|d vLex
|
| 090 |
|
|
|c 971
|d 971
|
| 100 |
1 |
|
|a Lo Giacco, Maria Luisa
|
| 245 |
1 |
0 |
|a Pellegrini, romei e palmieri
|h [Recurso electrn̤ico]
|b il pellegrinaggio fra diritto e religione /
|c Maria Luisa Lo Giacco
|
| 256 |
|
|
|a Servicio en ln̕ea
|
| 260 |
|
|
|a Bari :
|b Cacucci,
|c 2009
|
| 300 |
|
|
|a V.3 ;
|c 22 cm
|
| 504 |
|
|
|a Incluye referencias bibliogrf̀icas e n̕dice
|
| 506 |
1 |
|
|a Contenido solo disponible en los productos indicados
|d vLex Global
|d vLex Global (Academic Edition, excluding Law Schools)
|d vLex Global (U.S. Academic Edition, Law Schools)
|d vLex Global (U.S. Academic Edition, excluding Law Schools)
|d vLex Global (Academic Edition, Law Schools)
|
| 650 |
0 |
4 |
|a Peregrinaciones
|x Historia
|
| 650 |
0 |
4 |
|a Peregrinos y peregrinaciones
|x Historia
|
| 650 |
0 |
4 |
|a Religin̤ y derecho
|
| 740 |
0 |
|
|a vLex Libros (Servicios en ln̕ea)
|
| 856 |
4 |
0 |
|u http://vlex.com/source/4675
|z Acceso restringido
|
| 942 |
|
|
|c BOOK
|
| 999 |
0 |
4 |
|a Peregrinaciones-
|
| 999 |
0 |
4 |
|a Peregrinos y peregrinaciones-
|
| 999 |
0 |
4 |
|a Religin̤ y derecho
|